00621 2200229 4500001002100000005001700021008004100038035002400079082000800103090001500111100002000126245008700146250001100233260003100244300002500275650001900300700002400319850001200343980001500355985000600370999001500376YOGYA-0209000006203020090227040012.0 ind  0010-020900000062030 a420 a420bChr M aCHRISTOMO, Desy aMari mengeja ABCD bahasa Inggris sistem 36 jambDesy Christomo, Yan Pramadya Puspa aCet. 1 aSemarangbAneka Ilmuc1990 a156 hlmbilusc18 cm aBahasa Inggris aPuspa, Yan Pramadya aYOPDYOG a06-03-2008 a1 a98P0114169